Best Supporting Actor Nominees of the 21st Century - Statistics

General Stats
  • This quiz has been taken 390 times
    12 since last reset
  • The average score is 41 of 105
Answer Stats
Year Film Actor % Correct
2000 Traffic Benicio del Toro
100%
2014 Birdman or (The Unexpected Virtue of Ignorance) Edward Norton
80%
2025 Frankenstein Jacob Elordi
80%
2024 A Real Pain Kieran Culkin
80%
2008 Tropic Thunder Robert Downey Jr.
80%
2025 One Battle After Another Sean Penn
80%
2025 Sentimental Value Stellan Skarsgård
80%
2019 Once Upon a Time in Hollywood Brad Pitt
70%
2010 The Fighter Christian Bale
70%
2024 The Brutalist Guy Pearce
70%
2024 The Apprentice Jeremy Strong
70%
2023 Barbie Ryan Gosling
70%
2007 The Assassination of Jesse James by the Coward Robert Ford Casey Affleck
60%
2025 Sinners Delroy Lindo
60%
2007 No Country for Old Men Javier Bardem
60%
2019 The Irishman Joe Pesci
60%
2016 Moonlight Mahershala Ali
60%
2000 Erin Brockovich Albert Finney
50%
2019 The Irishman Al Pacino
50%
2013 American Hustle Bradley Cooper
50%
2009 Inglourious Basterds Christoph Waltz
50%
2005 Syriana George Clooney
50%
2008 The Dark Knight Heath Ledger
50%
2005 Brokeback Mountain Jake Gyllenhaal
50%
2013 Dallas Buyers Club Jared Leto
50%
2011 Moneyball Jonah Hill
50%
2021 The Power of the Dog Kodi Smit-McPhee
50%
2010 The Kids Are All Right Mark Ruffalo
50%
2006 The Departed Mark Wahlberg
50%
2012 Silver Linings Playbook Robert De Niro
50%
2017 Three Billboards Outside Ebbing, Missouri Sam Rockwell
50%
2015 Creed Sylvester Stallone
50%
2018 BlacKkKlansman Adam Driver
40%
2006 Little Miss Sunshine Alan Arkin
40%
2003 The Cooler Alec Baldwin
40%
2019 The Two Popes Anthony Hopkins
40%
2002 Adaptation. Chris Cooper
40%
2016 Lion Dev Patel
40%
2006 Dreamgirls Eddie Murphy
40%
2001 Training Day Ethan Hawke
40%
2010 The King's Speech Geoffrey Rush
40%
2001 The Lord of the Rings: The Fellowship of the Ring Ian McKellen
40%
2004 Collateral Jamie Foxx
40%
2000 The Contender Jeff Bridges
40%
2000 Gladiator Joaquin Phoenix
40%
2015 Bridge of Spies Mark Rylance
40%
2009 Invictus Matt Damon
40%
2013 12 Years a Slave Michael Fassbender
40%
2008 Revolutionary Road Michael Shannon
40%
2004 Million Dollar Baby Morgan Freeman
40%
2002 Road to Perdition Paul Newman
40%
2009 The Lovely Bones Stanley Tucci
40%
2003 Mystic River Tim Robbins
40%
2019 A Beautiful Day in the Neighborhood Tom Hanks
40%
2015 The Revenant Tom Hardy
40%
2009 The Messenger Woody Harrelson
40%
2001 Sexy Beast Ben Kingsley
30%
2009 The Last Station Christopher Plummer
30%
2002 Catch Me If You Can Christopher Walken
30%
2004 Closer Clive Owen
30%
2020 Judas and the Black Messiah Daniel Kaluuya
30%
2003 In America Djimon Hounsou
30%
2007 Into the Wild Hal Holbrook
30%
2021 The Power of the Dog Jesse Plemons
30%
2001 Iris Jim Broadbent
30%
2014 Whiplash J.K. Simmons
30%
2002 Chicago John C. Reilly
30%
2008 Milk Josh Brolin
30%
2022 The Fabelmans Judd Hirsch
30%
2016 Manchester by the Sea Lucas Hedges
30%
2005 Crash Matt Dillon
30%
2005 Cinderella Man Paul Giamatti
30%
2007 Charlie Wilson's War Philip Seymour Hoffman
30%
2018 Can You Ever Forgive Me? Richard E. Grant
30%
2018 A Star Is Born Sam Elliot
30%
2004 Sideways Thomas Haden Church
30%
2012 Lincoln Tommy Lee Jones
30%
2007 Michael Clayton Tom Wilkinson
30%
2005 A History of Violence William Hurt
30%
2024 Anora Yura Borisov
30%
2004 The Aviator Alan Alda
20%
2013 Captain Phillips Barkhad Abdi
20%
2002 The Hours Ed Harris
20%
2006 Little Children Jackie Earle Haley
20%
2010 The Town Jeremy Renner
20%
2010 Winter's Bone John Hawkes
20%
2001 Ali Jon Voight
20%
2022 Everything Everywhere All at Once Ke Huy Quan
20%
2011 My Week with Marilyn Kenneth Branagh
20%
2003 The Last Samurai Ken Watanabe
20%
2020 Judas and the Black Messiah LaKeith Stanfield
20%
2020 One Night in Miami... Leslie Odom Jr.
20%
2011 Extremely Loud & Incredibly Close Max von Sydow
20%
2011 Warrior Nick Nolte
20%
2020 Sound of Metal Paul Raci
20%
2017 The Shape of Water Richard Jenkins
20%
2014 The Judge Robert Duvall
20%
2020 The Trial of the Chicago 7 Sacha Baron Cohen
20%
2023 American Fiction Sterling K. Brown
20%
2021 CODA Troy Kotsur
20%
2000 Shadow of the Vampire Willem Dafoe
20%
2022 The Banshees of Inisherin Barry Keoghan
10%
2022 The Banshees of Inisherin Brendan Gleeson
10%
2022 Causeway Brian Tyree Henry
10%
2021 Belfast Ciarán Hinds
10%
No matching quizzes found
Score Distribution
Percent of People with Each Score
Percentile by Number Answered
Your Score History
You have not taken this quiz since the last reset